The global economic crisis, contagion, and institutions: new realities in Latin America and Asia (Record no. 41428)

000 -LEADER
fixed length control field 00556pab a2200181 454500
008 - FIXED-LENGTH DATA ELEMENTS--GENERAL INFORMATION
fixed length control field 180718b1999 xxu||||| |||| 00| 0 eng d
100 ## - MAIN ENTRY--PERSONAL NAME
Personal name Roett, Riordan
245 ## - TITLE STATEMENT
Title The global economic crisis, contagion, and institutions: new realities in Latin America and Asia
260 ## - PUBLICATION, DISTRIBUTION, ETC.
Date of publication, distribution, etc. 1999
300 ## - PHYSICAL DESCRIPTION
Extent p.271-83
362 ## - DATES OF PUBLICATION AND/OR SEQUENTIAL DESIGNATION
Dates of publication and/or sequential designation Jul
650 ## - SUBJECT ADDED ENTRY--TOPICAL TERM
Topical term or geographic name entry element Economic recession - Asia
650 ## - SUBJECT ADDED ENTRY--TOPICAL TERM
Topical term or geographic name entry element Economic recession - Latin America
650 ## - SUBJECT ADDED ENTRY--TOPICAL TERM
Topical term or geographic name entry element Economic recession
700 ## - ADDED ENTRY--PERSONAL NAME
Personal name Crandall, Russell
773 ## - HOST ITEM ENTRY
Main entry heading International Political Science Review
909 ## -
-- 41428
Holdings
Withdrawn status Lost status Damaged status Not for loan Permanent Location Current Location Date acquired Serial Enumeration / chronology Barcode Date last seen Price effective from Koha item type
        Indian Institute of Public Administration Indian Institute of Public Administration 2018-07-19 Volume no: 20, Issue no: 3 AR41804 2018-07-19 2018-07-19 Articles

Powered by Koha